[Event "IECG Q3.2000.0.00070"]
[Site "IECG email"]
[Date "2000.04.20"]
[Round "?"]
[White "Coser, Ian"]
[Black "Davies, Jason"]
[Result "0-1"]
[WhiteElo "800"]
[BlackElo "1216"]
[PlyCount "70"]
[EventDate "2000.04.20"]
[EventType "tourn (corr)"]
[EventRounds "6"]
[SourceTitle "Corr 2008"]
[Source "ChessBase"]
[SourceDate "2008.06.24"]
[SourceVersion "1"]
[SourceVersionDate "2008.06.24"]
[SourceQuality "1"]

1. e4 c5 2. Nf3 d6 3. Bc4 Nf6 4. d3 e6 5. Nc3 Nc6 6. 0-0 Be7 7. a3 d5 8. exd5 exd5 9. Bb5 0-0 10. Bxc6 bxc6 11. h3 Rb8 12. Ne5 Qc7 13. Nf3 Bd6 14. Bg5 Rxb2 15. Bxf6 gxf6 16. Ra2 Rxa2 17. Nxa2 Qb8 18. Qa1 Be7 19. Nc3 Be6 20. Rb1 Qc7 21. Qb2 Bd6 22. Na4 Kg7 23. Qb7 Qxb7 24. Rxb7 Rb8 25. Rxb8 Bxb8 26. Nxc5 a5 27. Nxe6+ fxe6 28. Nd4 a4 29. Nxe6+ Kg6 30. Nc5 Bd6 31. Nxa4 Bxa3 32. Kf1 h5 33. Ke2 Kf5 34. Ke3 c5 35. Nc3 d4+ 0-1

[Event "IECG Q3.2000.0.00070"]
[Site "IECG email"]
[Date "2000.04.20"]
[Round "?"]
[White "Davies, Jason"]
[Black "Coser, Ian"]
[Result "1-0"]
[WhiteElo "1216"]
[BlackElo "800"]
[PlyCount "62"]
[EventDate "2000.04.20"]
[EventType "tourn (corr)"]
[EventRounds "6"]
[SourceTitle "Corr 2008"]
[Source "ChessBase"]
[SourceDate "2008.06.24"]
[SourceVersion "1"]
[SourceVersionDate "2008.06.24"]
[SourceQuality "1"]

1. d4 d5 2. c4 c6 3. Nf3 Qa5+ 4. Bd2 Qb6 5. c5 Qc7 6. e3 e6 7. Bd3 Nf6 8. 0-0 Nbd7 9. Nc3 e5 10. dxe5 Nxe5 11. Nxe5 Qxe5 12. Bc2 Bxc5 13. e4 Bd6 14. g3 0-0 15. Bf4 Qe6 16. exd5 cxd5 17. Re1 Qh3 18. Bxd6 Ng4 19. Qf3 Qxh2+ 20. Kf1 Ne3+ 21. Rxe3 Rd8 22. Bc7 Bh3+ 23. Ke2 Bg2 24. Qf5 Re8 25. Nxd5 Bxd5 26. Qxd5 Rxe3+ 27. Kxe3 Qh6+ 28. Kf3 Qf6+ 29. Kg2 Qxb2 30. Bxh7+ Kh8 31. Rh1 g6 1-0

[Event "IECG Q3.2000.0.00070"]
[Site "IECG email"]
[Date "2000.04.20"]
[Round "?"]
[White "Pasang, Charles"]
[Black "Coser, Ian"]
[Result "1-0"]
[WhiteElo "1200"]
[BlackElo "800"]
[PlyCount "55"]
[EventDate "2000.04.20"]
[EventType "tourn (corr)"]
[EventRounds "6"]
[SourceTitle "Corr 2008"]
[Source "ChessBase"]
[SourceDate "2008.06.24"]
[SourceVersion "1"]
[SourceVersionDate "2008.06.24"]
[SourceQuality "1"]

1. d4 d5 2. Nf3 Nf6 3. Ne5 Nfd7 4. Nc3 Nxe5 5. dxe5 e6 6. e3 Nc6 7. Bb5 Qg5 8. Bxc6+ bxc6 9. f4 Qxg2 10. Rf1 Qxh2 11. Qe2 Qh4+ 12. Qf2 Qe7 13. Bd2 g6 14. 0-0-0 a5 15. e4 a4 16. a3 Ba6 17. Rg1 Bb5 18. exd5 exd5 19. Be3 Qe6 20. Bd4 Be7 21. Rde1 h5 22. Bc5 Bxc5 23. Qxc5 Qe7 24. Qd4 Bc4 25. e6 0-0 26. f5 Kh7 27. exf7 Qxe1+ 28. Rxe1 1-0

[Event "IECG QN.2000.0.00096"]
[Site "IECG email"]
[Date "2000.02.05"]
[Round "?"]
[White "Coser, Ian"]
[Black "Kelchak, Joe"]
[Result "1-0"]
[WhiteElo "800"]
[BlackElo "411"]
[PlyCount "60"]
[EventDate "2000.02.05"]
[EventType "tourn (corr)"]
[EventRounds "6"]
[SourceTitle "Corr 2008"]
[Source "ChessBase"]
[SourceDate "2008.06.24"]
[SourceVersion "1"]
[SourceVersionDate "2008.06.24"]
[SourceQuality "1"]

1. e4 e5 2. Nf3 Nc6 3. Bb5 Nf6 4. d3 Bc5 5. Bxc6 bxc6 6. Nxe5 Qe7 7. Ng4 d6 8. Nxf6+ Qxf6 9. 0-0 0-0 10. Qe2 Re8 11. c3 Bb7 12. Be3 Bb6 13. Kh1 Rad8 14. f3 d5 15. Nd2 c5 16. exd5 Bxd5 17. Ne4 Bxe4 18. dxe4 Re5 19. Rad1 c4 20. Rxd8+ Qxd8 21. Rd1 Qe7 22. Qf2 f5 23. Bxb6 cxb6 24. exf5 Rxf5 25. Re1 Qd7 26. Qe2 Kf7 27. Qxc4+ Rd5 28. Rd1 Ke6 29. Qe4+ Re5 30. Qxe5+ Kxe5 1-0

[Event "IECG CP.1999.P.00052"]
[Site "IECG email"]
[Date "1999.10.01"]
[Round "?"]
[White "Coser, Ian"]
[Black "Guth, Noel"]
[Result "0-1"]
[WhiteElo "800"]
[BlackElo "2222"]
[PlyCount "62"]
[EventDate "1999.10.01"]
[EventType "tourn (corr)"]
[EventRounds "6"]
[EventCountry "ITA"]
[SourceTitle "Corr 2008"]
[Source "ChessBase"]
[SourceDate "2008.06.24"]
[SourceVersion "1"]
[SourceVersionDate "2008.06.24"]
[SourceQuality "1"]

1. e4 d5 2. e5 c5 3. d4 cxd4 4. Qxd4 Nc6 5. Bb5 Qa5+ 6. Nc3 Bd7 7. Qxd5 e6 8. Qe4 Bb4 9. Qc4 Bxc3+ 10. bxc3 a6 11. Bxc6 Bxc6 12. f3 Qxe5+ 13. Kf2 Nf6 14. Qd4 Qf5 15. Ba3 Rd8 16. Qb4 Nd5 17. Qc5 Qxc2+ 18. Ne2 Bb5 19. Rhe1 b6 20. Qd4 Bxe2 21. Rxe2 Qxc3 22. Qxc3 Nxc3 23. Rc2 Nd5 24. Rac1 f6 25. Rc8 Kf7 26. R8c6 Rd7 27. Bb2 Rhd8 28. a3 Rd6 29. R1c2 e5 30. Rxd6 Rxd6 31. Rd2 Ke6 0-1